000
00351nam a2200157Ia 4500
100
_a
Deb/Kalyanmoy
650
_a
Optimization
942
_c
BK
366
_f
25
245
_a
Multi-Objective optimization using evolution algorithms
260
_b
Wiley
_c
2003
082
_a
5.1
_b
DEB
300
_a
515
546
_a
ENGLISH
_c
Computers
999
_c
35469
_d
35469